Yearning for God. (Record no. 16709)

000 -LEADER
fixed length control field 00480nam a2200169 a 4500
001 - CONTROL NUMBER
control field :::00019915$&:&@@
003 - CONTROL NUMBER IDENTIFIER
control field OkBaRHE
005 - DATE AND TIME OF LATEST TRANSACTION
control field 20011112134052.0
008 - FIXED-LENGTH DATA ELEMENTS--GENERAL INFORMATION
fixed length control field s1924 j 000 0 eng u
040 ## - CATALOGING SOURCE
Transcribing agency
100 1# - MAIN ENTRY--PERSONAL NAME
Personal name Williams, Joseph J.
245 10 - TITLE STATEMENT
Title Yearning for God.
260 ## - PUBLICATION, DISTRIBUTION, ETC. (IMPRINT)
Place of publication, distribution, etc New York, NY
Name of publisher, distributor, etc Benziger Brothers
Date of publication, distribution, etc 1924
300 ## - PHYSICAL DESCRIPTION
Extent 183 p.
942 ## - ADDED ENTRY ELEMENTS (KOHA)
Source of classification or shelving scheme
Koha item type Books
Copies
Withdrawn status Not for loan Price effective from Date last seen Date acquired Koha item type Copy number Source of classification or shelving scheme Shelving location Barcode Lost status Damaged status Full call number Permanent Location
  2010-04-142010-04-142010-04-14Books1 General Stacks19915  BX 2182 .W43RHEMA Bible Training College